Fundamentos de marketing
Tallennettuna:
| Päätekijät: | , , |
|---|---|
| Aineistotyyppi: | Kirja |
| Kieli: | espanja |
| Julkaistu: |
Ciudad de México
McGraw Hill
1996
|
| Painos: | 6a. ed |
| Aiheet: | |
| Tagit: |
Lisää tagi
Ei tageja, Lisää ensimmäinen tagi!
|
MARC
| LEADER | 00000cam a2200000 a 4500 | ||
|---|---|---|---|
| 001 | UCU7369 | ||
| 003 | CL-VaPUC | ||
| 008 | 960705e19960000MX |||||||||||||||||spa|d | ||
| 020 | |a 9701008944 | ||
| 082 | 0 | 4 | |a 658.8 |b STA |2 21 |
| 100 | 0 | |a Stanton, William J |e author |9 366165 | |
| 700 | 0 | |a Etzel, Michael J |e author |9 366166 | |
| 700 | 0 | |a Walker, Bruce J |e author |9 366167 | |
| 245 | 1 | 0 | |a Fundamentos de marketing |
| 250 | |a 6a. ed | ||
| 300 | |a 885 p | ||
| 942 | |c BK | ||
| 945 | |d 19960705 00:00:00 |a rbrito | ||
| 260 | |a Ciudad de México |b McGraw Hill |c 1996 | ||
| 650 | 0 | |a Comercialización |9 259326 | |
| 650 | 7 | |a ESTUDIO DE MERCADO |2 CL-VaPUC |9 350124 | |
| 650 | 7 | |a PRODUCTOS |2 CL-VaPUC |9 338640 | |
| 650 | 0 | |a Precios |9 260787 | |
| 650 | 0 | |a Marketing |9 259324 | |
| 650 | 0 | |a Ventas |9 259323 | |
| 650 | 0 | |a Control de calidad |9 259714 | |
| 650 | 0 | |a Comercio |9 255341 | |
| 650 | 7 | |a BIENES DE CONSUMO |2 CL-VaPUC |9 359202 | |
| 583 | |a last modification |c 20160426 12:39:56 |k Rodrigo Vera | ||
| 999 | |c 250029 |d 250027 | ||
| 952 | |0 0 |1 0 |4 0 |6 658_800000000000000_STA_1996 |7 0 |8 A |9 267670 |a BIBENE |b BIBENE |d 2019-11-19 |i 3211134 |o 658.8 STA 1996 |p 3211134 |r 2025-01-15 |w 2019-11-19 |y BK |k ICO | ||
| 952 | |0 0 |1 0 |4 0 |6 658_800000000000000_STA_1996 |7 0 |8 A |9 267671 |a BIBENE |b BIBENE |d 2019-11-19 |i 3240894 |o 658.8 STA 1996 |p 3240894 |r 2025-01-15 |w 2019-11-19 |y BK |k ICO | ||
| 952 | |0 0 |1 0 |4 0 |6 658_800000000000000_STA_1996 |7 0 |8 A |9 267672 |a BIBENE |b BIBENE |d 2019-11-19 |i 3355853 |o 658.8 STA 1996 |p 3355853 |r 2025-01-15 |w 2019-11-19 |y BK |k ICO | ||
| 952 | |0 0 |1 0 |4 0 |6 658_800000000000000_STA_1996 |7 0 |8 A |9 267673 |a BIBGIM |b BIBGIM |d 2019-11-19 |i 3432173 |o 658.8 STA 1996 |p 3432173 |r 2025-01-15 |w 2019-11-19 |y BK |k GIM | ||
| 952 | |0 0 |1 0 |4 0 |6 658_800000000000000_STA_1996 |7 0 |8 A |9 267674 |a BIBGIM |b BIBGIM |d 2019-11-19 |i 343219K |o 658.8 STA 1996 |p 343219K |r 2025-01-15 |w 2019-11-19 |y BK |k GIM | ||
| 952 | |0 0 |1 0 |4 0 |6 658_800000000000000_STA_1996 |7 0 |8 A |9 267675 |a BIBGIM |b BIBGIM |d 2019-11-19 |i 3432203 |o 658.8 STA 1996 |p 3432203 |r 2025-01-15 |w 2019-11-19 |y BK |k GIM | ||
| 952 | |0 0 |1 0 |4 0 |6 658_800000000000000_STA_1996 |7 0 |8 A |9 267677 |a BIBING |b BIBING |d 2019-11-19 |i 3587606 |o 658.8 STA 1996 |p 3587606 |r 2025-01-20 |w 2019-11-19 |y BK |k TRA | ||
| 952 | |0 0 |1 0 |4 0 |6 658_800000000000000_STA_1996 |7 0 |8 A |9 267678 |a BIBING |b BIBING |d 2019-11-19 |i 3587614 |o 658.8 STA 1996 |p 3587614 |r 2025-01-20 |w 2019-11-19 |y BK |k TRA | ||
| 952 | |0 0 |1 0 |3 erb |4 0 |6 658_800000000000000_STA_1996 |7 0 |8 A |9 267679 |a BIBING |b BIBING |d 2019-11-19 |i 5024625 |o 658.8 STA 1996 |p 5024625 |r 2025-01-20 |w 2019-11-19 |y BK |z Catalogado en:20131025 |k EII | ||
| 952 | |0 0 |1 0 |4 0 |6 658_800000000000000_STA_1996 |7 0 |8 A |9 267680 |a BIBALI |b BIBALI |c RES |d 2019-11-19 |i 3631443 |o 658.8 STA 1996 |p 3631443 |r 2025-01-20 |w 2019-11-19 |y BK_R |k ALI | ||
| 952 | |0 0 |1 0 |4 0 |6 658_800000000000000_STA_1996 |7 0 |8 A |9 267681 |a BIBALI |b BIBALI |c RES |d 2019-11-19 |i 3632946 |o 658.8 STA 1996 |p 3632946 |r 2025-01-20 |w 2019-11-19 |y BK_R |k ALI | ||
| 952 | |0 0 |1 0 |4 0 |6 658_800000000000000_STA_1996 |7 0 |8 A |9 267682 |a BIBALI |b BIBALI |c RES |d 2019-11-19 |i 366466K |o 658.8 STA 1996 |p 366466K |r 2025-01-20 |w 2019-11-19 |y BK_R |k ALI | ||